000 00721nam a2200241Ia 4500
003 OSt
005 20220926035018.0
006 a|||||r|||| 00| 0
007 ta
008 220923b |||||||| |||| 00| 0 eng d
037 _cGeneral Book
040 _aRTL
_cRTL
_beng
041 _2eng
_aeng
082 _aX:981, J2
100 _aHeneman Herbert G Ed.
245 0 _aPersonnel administration and labor relations
_b A bo
260 _c1952
490 _aPrentice Hall Industarial relations and personnel series
650 _aIndustrial Relation
700 _a Turnbull Jonn G Ed.
_9341720
942 _hX:981, J2
_cGB
_2CC
999 _c661125
_d661125